00393nam a2200109Ia 4500008004100000082002000041100003000061245002500091260002600116630001800142650012300160211109s9999||||xx |||||||||||||| ||und|| a894.8121bRAM-G aRamavarma, Kochuthampuran 0aGadhyamalika Part, 2 bUn KnownaKochic1900 xGeneral Stack aLiteratures of other languagesvAltaic, Uralic, Hyperborean & DravidianMalayalam LiteratureMalayalam PoetryxGeneralia